000 003080000a22001450004500
003 MACL
040 _aMACL
090 _c33613
_d33611
100 _aAntony, M J
245 _aYour Right To Compensation
260 _bHind Pocket Books
_c1996
350 _a75
650 _aInsurance
942 _cBOOK
_k368/ANT
999 _c33262
_d33262